Podstata a príčiny ekonomickej zaostalosti afrického kontinentu
Analýza dôvodov zaostalosti afrického kontinentu. Vysvetlenie, prečo je kontinent ako celok vnímaný ako zaostalý región, ktorému nie je pomoci. Pozitívny príklad Botswany - pozitívny hospodársky rast dá dosiahnuť aj v zaostalých štátoch Afriky.
Guardado en:
| Autor principal: | |
|---|---|
| Otros Autores: | |
| Formato: | Capítulo de libro |
| Lenguaje: | eslovaco |
| Materias: | |
| Etiquetas: |
Sin Etiquetas, Sea el primero en etiquetar este registro!
|
MARC
| LEADER | 00000nla a2200000 4500 | ||
|---|---|---|---|
| 001 | 0207239 | ||
| 005 | 20240502073437.1 | ||
| 041 | 0 | |a slo | |
| 044 | |a SK | ||
| 245 | 1 | 0 | |a Podstata a príčiny ekonomickej zaostalosti afrického kontinentu |c Ján Dráb, Alexandra Kováčová |
| 520 | |a Analýza dôvodov zaostalosti afrického kontinentu. Vysvetlenie, prečo je kontinent ako celok vnímaný ako zaostalý región, ktorému nie je pomoci. Pozitívny príklad Botswany - pozitívny hospodársky rast dá dosiahnuť aj v zaostalých štátoch Afriky. | ||
| 610 | 2 | 0 | |a Afrika |
| 610 | 2 | 0 | |a zaostalosť hospodárska |
| 610 | 2 | 0 | |a dlhy |
| 610 | 2 | 0 | |a produkt domáci hrubý |
| 610 | 2 | 0 | |a investície |
| 610 | 2 | 0 | |a Botswana |
| 100 | 1 | |a Dráb, Ján | |
| 700 | 1 | |a Kováčová, Alexandra | |